005330000a2200145000450024501310000065000170013165000140014865000150016265000120017765100490018965300450023804100140028310000280029777300620032510aSegundo registro del género Domecia eydoux Souleyet () en las costas colombianas del Caribe14aCrustáceos14aCangrejos14aEcología14aHabitat 4lParque Nacional TayronadMagdalenapColombia fXanthidaegDomeciaeDomecia acanthophora0 aEspañol1 aAlvarez León, Ricardo1 tRevista de Biología Tropical3129h1q113-113d1989g37